000 01341nam a2200337 i 4500
001 000009263
003 DO-SdBNP
005 20250618120724.0
007 ta
008 090929s1978 dr ab 001 0 spa d
040 _aDO-SdBNP
_bspa
_cDO-SdBNP
_erda
041 _aspa
082 4 _a598.097293
_bS866a
_222
100 1 _aStockton de Dod, Annabelle
_eautor
_4aut.
_923975
245 1 0 _aAves de la República Dominicana /
_cAnnabelle Stockton de Dod ; ilustraciones de color por José Osorio ; dibujos de blanco y negro por Laura Rathe de Cambiaso ; prólogo Eugenio Marcano.
250 _aPrimera edición
264 4 _aSanto Domingo, República Dominicana :
_bMuseo Nacional de Historia Natural,
_c©1978.
300 _a332 páginas :
_bilustraciones, mapas ;
_c25 cm.
336 _atexto
_btxt
_2rdacontent
337 _asin mediación
_bn
_2rdamedia
338 _avolumen
_bnc
_2rdacarrier
500 _aIncluye índice de materias
504 _aIncluye referencias bibliográficas páginas 327-328.
590 _aInventariado, 2025 /LP
650 4 _aAves
_xRepública dominicana
_923976
700 1 _aMarcano, Eugenio,
_eprologuista
_4pr.
_923977
700 1 _aOsorio, José,
_eilustrador
_923978
_4ildi
700 _aRathe de Cambiaso, Laura,
_eDibujos
_987057
_4di.
910 _aValidado. Control de calidad/MAA
942 _2ddc
_cLBS1
999 _c9025
_d9025